Ψυχολογία της ερωτικής ζωής
Αποθηκεύτηκε σε:
| Κύριος συγγραφέας: | |
|---|---|
| Άλλοι συγγραφείς: | |
| Μορφή: | Βιβλίο |
| Γλώσσα: | Greek German |
| Δημοσίευση: |
Αθήνα :
Το Βήμα,
[2018].
|
| Θέματα: | |
| Ετικέτες: |
Προσθήκη ετικέτας
Δεν υπάρχουν, Καταχωρήστε ετικέτα πρώτοι!
|
MARC
| LEADER | 00000nam a2200000 a 4500 | ||
|---|---|---|---|
| 001 | 1/125497 | ||
| 008 | 221017s2020####gr | ||| |||0 ||gre|| | ||
| 020 | |a 9789605039653 | ||
| 040 | |a GR-MyUa |b gre |c GR-MyUa |e AACR2 | ||
| 041 | 1 | |a gre |h ger | |
| 082 | 7 | |a 150.1952 |2 (23) | |
| 100 | 1 | |a Freud, Sigmund, |d 1856-1939, |e aut | |
| 245 | 1 | 0 | |a Ψυχολογία της ερωτικής ζωής / |c Σιγκμουντ Φρούντ ; μετάφραση Νίκη Μυλωνά. |
| 260 | |a Αθήνα : |b Το Βήμα, |c [2018]. | ||
| 300 | |a 77 σ. ; |c 21 εκ. | ||
| 500 | |a Τίτλος πρωτοτύπου: Beitrage zur Psychologie des Liebeslebens | ||
| 600 | 1 | 0 | |x Psychology |a Freud, Sigmund, |d 1856-1939. |
| 650 | 0 | |a Psychoanalysis | |
| 650 | 0 | |a Psychology. | |
| 700 | 1 | |a Μυλωνά, Νίκη, |e trlf | |
| 852 | |a INST |b LEMNOS |e 20221017 |h 150.1952 FRE |p 005600003288 |q 005600003288 |t BK |y 0 | ||
| 970 | |a Παπαθανασοπούλου |b Ελένη |z 17/10/2022 | ||